OVERMAN DIGDARSHIKA [VOL-2] (Record no. 9090)

MARC details
000 -LEADER
fixed length control field 00363nam a22001577a 4500
005 - DATE AND TIME OF LATEST TRANSACTION
control field 20260311170405.0
008 - FIXED-LENGTH DATA ELEMENTS--GENERAL INFORMATION
fixed length control field 260311b |||||||| |||| 00| 0 eng d
041 ## - LANGUAGE CODE
Language code of text/sound track or separate title eng
082 ## - DEWEY DECIMAL CLASSIFICATION NUMBER
Classification number 622.34 SONI-O
100 ## - MAIN ENTRY--AUTHOR NAME
Personal name SONI, H P.
245 ## - TITLE STATEMENT
Title OVERMAN DIGDARSHIKA [VOL-2]
260 ## - PUBLICATION, DISTRIBUTION, ETC. (IMPRINT)
Place of publication DHANBAD
Name of publisher LOVELY PRAKASHAN
300 ## - PHYSICAL DESCRIPTION
Number of Pages 165;P
650 ## - SUBJECT ADDED ENTRY--TOPICAL TERM
Topical Term MINING
942 ## - ADDED ENTRY ELEMENTS (KOHA)
Koha item type Books
Holdings
Lost status Damaged status Collection code Home library Current library Shelving location Date acquired Source of acquisition Cost, normal purchase price Serial Enumeration / chronology Full call number Accession Number Koha item type
    MINING JRU Library JRU Library NEW ARRIVAL SHELF 11/03/2026 PURCHASE 250.00 LBI/000884, DATE-06/03/2026 622.34 SON-O 29384 Books
    MINING JRU Library JRU Library NEW ARRIVAL SHELF 11/03/2026 PURCHASE 250.00 LBI/000884, DATE-06/03/2026 622.34 SON-O 29385 Books